The Tropical World Its Social and Economic Conditions and Its Future Status (Record no. 20952)

MARC details
000 -LEADER
fixed length control field 00482nam a22001697a 4500
003 - CONTROL NUMBER IDENTIFIER
control field OSt
005 - DATE AND TIME OF LATEST TRANSACTION
control field 20211201114917.0
008 - FIXED-LENGTH DATA ELEMENTS--GENERAL INFORMATION
fixed length control field 211201b |||||||| |||| 00| 0 eng d
020 ## - INTERNATIONAL STANDARD BOOK NUMBER
International Standard Book Number 0 582 48163 5
040 ## - CATALOGING SOURCE
Transcribing agency Hawassa University
050 ## - LIBRARY OF CONGRESS CALL NUMBER
Classification number 910.133/GOU
Item number 2
082 ## - DEWEY DECIMAL CLASSIFICATION NUMBER
Edition number 4
Classification number 910.133/GOU
Item number 2
100 ## - MAIN ENTRY--PERSONAL NAME
Personal name Gourou,Pierre
9 (RLIN) 21288
245 ## - TITLE STATEMENT
Title The Tropical World Its Social and Economic Conditions and Its Future Status
260 ## - PUBLICATION, DISTRIBUTION, ETC.
Place of publication, distribution, etc. American
Name of publisher, distributor, etc. Longman
Date of publication, distribution, etc. 1966
942 ## - ADDED ENTRY ELEMENTS (KOHA)
Source of classification or shelving scheme Dewey Decimal Classification
Koha item type Books like text book referance book
Suppress in OPAC No
Holdings
Withdrawn status Lost status Source of classification or shelving scheme Damaged status Not for loan Home library Current library Date acquired Total Checkouts Full call number Barcode Date last seen Copy number Price effective from Koha item type
    Dewey Decimal Classification     College of Agriculture Library College of Agriculture Library 12/01/2021   910.133/GOU ALIB0006936 12/01/2021 1 12/01/2021 Books like text book referance book
    Dewey Decimal Classification     College of Agriculture Library College of Agriculture Library 12/01/2021   910.133/GOU ALIB0006939 12/01/2021 4 12/01/2021 Books like text book referance book